| 000 | 00488nam a2200193Ia 4500 | ||
|---|---|---|---|
| 005 | 20240823025430.0 | ||
| 008 | 240823s9999||||xx |||||||||||||| ||und|| | ||
| 020 | _a81-239-1227-7 | ||
| 041 | _aENGLISH | ||
| 082 | _A621.7042 Q0 | ||
| 100 | _aAlam Singh | ||
| 245 | 0 | _aSoil Engineering in Theory and Practice Vol.3 | |
| 250 | _a2nd | ||
| 260 |
_c2010 _b"CBS Publishers & Distributors,New " |
||
| 500 | _aYES | ||
| 650 |
_aSoil Engineering _bCivil |
||
| 942 | _cBK | ||
| 999 |
_c186307 _d186307 |
||